Essential of Business Information Systems. (Record no. 2363)

MARC details
005 - DATE AND TIME OF LATEST TRANSACTION
control field 20250516085312.0
020 ## - INTERNATIONAL STANDARD BOOK NUMBER
International Standard Book Number 0-13-156965-1
082 ## - DEWEY DECIMAL CLASSIFICATION NUMBER
Classification number 658.403 LAU
100 ## - MAIN ENTRY--PERSONAL NAME
Author name LAUDON, K. C.
245 ## - TITLE STATEMENT
Title Essential of Business Information Systems.
250 ## - EDITION STATEMENT
Edition statement 7th Ed.
260 ## - PUBLICATION, DISTRIBUTION, ETC.
Place of publication, distribution, etc. New York,
Name of publisher, distributor, etc. Pearson Prentice Hall,
Date of publication, distribution, etc. 2007.
300 ## - PHYSICAL DESCRIPTION
Extent xxviii, 471p.: ill.; figure, picture
Other physical details Glossary, Index & References
Dimensions 27cm
700 ## - ADDED ENTRY--PERSONAL NAME
Other authors/Editors LAUDON, J. P.
942 ## - ADDED ENTRY ELEMENTS (KOHA)
Source of classification or shelving scheme Dewey Decimal Classification
Koha item type Books
Holdings
Date last seen Total checkouts Full call number Barcode Cost, replacement price Price effective from Koha item type Lost status Source of classification or shelving scheme Damaged status Not for loan Withdrawn status Home library Current library Shelving location Date acquired Cost, normal purchase price
05/16/2025   658.403 LAU 0000008955 88500.00 05/16/2025 Books   Dewey Decimal Classification       College of Business Education Main Library College of Business Education Main Library General Collection 10/26/2005 29500.00
05/16/2025   658.403 LAU 0000008956 88500.00 05/16/2025 Books   Dewey Decimal Classification       College of Business Education Main Library College of Business Education Main Library General Collection 10/26/2005 29500.00
06/03/2025   658.403 LAU 00000010717 88500.00 06/03/2025 Books   Dewey Decimal Classification       College of Business Education Main Library College of Business Education Main Library Special Reserve Collection 10/26/2005 29500.00